Военно-морской словарь для юношества. Т. 2: ˆ[‰Н - Я (Запись № 7463550)

Подробности
000 -МАРКЕР
контрольное поле 00907nam2a22002291 4500
001 - ИДЕНТИФИКАТОР ЗАПИСИ
контрольное поле rc\750353
005 - ИДЕНТИФИКАТОР ВЕРСИИ
контрольное поле 20250622134805.0
035 ## - ДРУГИЕ СИСТЕМНЫЕ НОМЕРА
Идентификатор записи (NLR Aleph) 006322388
100 ## - ДАННЫЕ ОБЩЕЙ ОБРАБОТКИ
Данные общей обработки 20040301d1987 |||y0rusy50 ca
101 0# - ЯЗЫК РЕСУРСА
Язык текста, звукозаписи и т.д. русский
102 ## - СТРАНА ПУБЛИКАЦИИ ИЛИ ПРОИЗВОДСТВА
Страна публикации российская федерация
105 ## - ПОЛЕ КОДИРОВАННЫХ ДАННЫХ: ТЕКСТОВЫЕ МАТЕРИАЛЫ, МОНОГРАФИЧЕСКИЕ
Кодированные данные о монографическом текстовом документе a |||||||||
200 1# - ЗАГЛАВИЕ И СВЕДЕНИЯ ОБ ОТВЕТСТВЕННОСТИ
Основное заглавие ˆ[‰Н - Я
Первые сведения об ответственности П.А. Грищук и др.]
210 ## - ПУБЛИКАЦИЯ, РАСПРОСТРАНЕНИЕ И ДР.
Дата издания, распространения и т.д. 1987
Место издания, распространения и т.д. Б. м.
215 ## - ФИЗИЧЕСКАЯ ХАРАКТЕРИСТИКА
Специфическое обозначение материала и объем 318, [1] с., [20] л. ил.
Другие сведения о физической характеристике ил.
461 #0 - УРОВЕНЬ НАБОРА
Встроенное поле 001rc\750351
-- 2001#$aВоенно-морской словарь для юношества$e[В 2 т.]$fПод общ. ред. П.А. Грищука$vТ. 2
Системный номер (АБИС) связанной записи 7463533
Место публикации М.
Дата публикации 1985-
Первые сведения об ответственности Под общ. ред. П.А. Грищука
Имя издателя, распространителя и т.д. Изд-во ДОСААФ
Сведения, относящиеся к заглавию [В 2 т.]
Заглавие Военно-морской словарь для юношества
Номер тома Т. 2
801 #0 - ИСТОЧНИК ЗАПИСИ
Страна российская федерация
Организация NLR
Правила каталогизации psbo
801 #1 - ИСТОЧНИК ЗАПИСИ
Страна российская федерация
Организация ELAR
Источник данных rusmarc
852 ## - МЕСТОНАХОЖДЕНИЕ И ШИФР ХРАНЕНИЯ
Идентификатор организации NLR
Наименование фонда или коллекции (Sub-Location Identifier) С
Шифр хранения (Call Number) К-2/3087
942 ## - ДОПОЛНИТЕЛЬНЫЕ ЭЛЕМЕНТЫ ЗАПИСИ (АБИС)
Тип экземпляра АБИС Книга
980 ## - КОЛЛЕКЦИЯ
Название коллекции Национальная библиография
Экземпляры
Тип экземпляра Дата поступления Библиотека постоянного хранения Библиотека текущего хранения Место хранения Шифр хранения Штрих-код Статус не для выдачи Источник поступления Стоимость
Книга 26.10.2013 РНБ (Московский) РНБ (Московский) Центральная справочная библиотека С К-2/3087 1-2569679      
Книга 09.01.2019 РНБ (Московский) РНБ (Московский) Центральная справочная библиотека С К-2/3087 1-2569680      
Книга 07.10.2014 РНБ (Фонтанка) РНБ (Фонтанка) Юношеский читальный зал Ю Я2(Я)II/В-63 1-542599   Источник неизвестен 2.40